000 00489nam a2200169Ia 4500
008 090201s9999 xx 000 0 und d
010 _aKPL-61357
040 _bमराठी
041 _aमराठी
082 _a531
_b61357
100 _aयु म पठाण
245 _aरेशीमबंध
_cयु म पठाण
260 _c2004
_bशब्द प्रकाशन
300 _a128
_bमध्यम
600 _aरेशीमबंध
942 _cBOOK
999 _c201664
_d201664